| 000 | 01259cam a22003497a 4500 | ||
|---|---|---|---|
| 003 | CHAP | ||
| 005 | 20220329141834.0 | ||
| 008 | 971202d1997 mx a r 00110 spa d | ||
| 010 | _a74635 | ||
| 011 | _a75607 | ||
| 035 | _a85173 | ||
| 040 | _cCHAP | ||
| 090 | _aTesis | ||
| 100 | 0 | 0 |
_aGarcía Hernández, José Jaime. _946125 |
| 245 | 1 | 0 |
_aEstudio del cultivo del maguey tequilero Agave tequilana Weber y su industrialización en la región centro del estado de Jalisco _c/por José Jaime García Hernández |
| 260 |
_aChapingo, Méx. : _bEl autor, _c1997. |
||
| 300 |
_a90 h. : _bilus. |
||
| 502 | _aTesis (Ing. Agr. Esp. en Zonas Aridas) -- UACH. Departamento de Zonas Aridas | ||
| 590 |
_aALEPH _b10 _c20130110 _lUCH01 _h1420 |
||
| 590 |
_aBATCH-UPD _b10 _c20130110 _lUCH01 _h1335 |
||
| 590 |
_aBATCH-UPD _b10 _c20130410 _lUCH01 _h0839 |
||
| 590 |
_aBATCH-UPD _b10 _c20130913 _lUCH01 _h1959 |
||
| 590 |
_aCONVERSION _b10 _c20130109 _lUCH01 _h1341 |
||
| 650 | 1 | 4 |
_aAgave tequilana. _91107 |
| 650 | 1 | 4 |
_aAgave _xJalisco. _91081 |
| 650 | 1 | 4 |
_aTequila _xElaboración. _9112338 |
| 901 | _aBK | ||
| 905 | _aLilia Sánchez G. | ||
| 942 | _cFOLL | ||
| 949 |
_bBC _cTES _d33724000636841 _eTS2 _fc.2 _h31382 _i85173 _si |
||
| 949 |
_bBC _cTES _d851731 _eTS1 _h31381 _i85173 _sb |
||
| 999 |
_c74635 _d74635 |
||